Đánh giá hiện trạng hoạt động các bến xe khách liên tỉnh tại Tp. Hồ Chí Minh và đề xuất giải pháp khắc phục

Spremljeno u:
Bibliografski detalji
Glavni autor: Nguyễn Thị Bích Hằng
Format: Knjiga
Jezik:Undetermined
Teme:
Online pristup:http://lrc.tdmu.edu.vn/opac/search/detail.asp?aID=2&ID=23251
Oznake: Dodaj oznaku
Bez oznaka, Budi prvi tko označuje ovaj zapis!
Thư viện lưu trữ: Trung tâm Học liệu Trường Đại học Thủ Dầu Một
LEADER 00778nam a2200145Ia 4500
001 TDMU_23251
008 210410s9999 xx 000 0 und d
082 |a 388.04 
100 |a Nguyễn Thị Bích Hằng 
245 0 |a Đánh giá hiện trạng hoạt động các bến xe khách liên tỉnh tại Tp. Hồ Chí Minh và đề xuất giải pháp khắc phục 
245 0 |c Nguyễn Thị Bích Hằng 
300 |a Tr.48,55-58 
650 |a Bến xe khách liên tỉnh ; Thành phố Hồ Chí Minh; Đánh giá hiện trạng; Giải pháp khắc phục; Chính trị Xã hội 
856 |u http://lrc.tdmu.edu.vn/opac/search/detail.asp?aID=2&ID=23251 
980 |a Trung tâm Học liệu Trường Đại học Thủ Dầu Một